寂寞博物館 : 20段名畫旅程,收留你說不出口的憂傷

資料類型: Book 圖書   書目號:53027

Leader xxxxxxxxxx
001 __ 102589/9/01
005 __ 20190417142317.268
010 0_ |a978-986-133-675-6|b平裝|d新臺幣430元
042 __ |anbim
100 __ |a20190417d2019    k  y0chiy50      e
101 0_ |achi
102 __ |atw
105 __ |aa   z   000cy
200 1_ |a寂寞博物館|e20段名畫旅程,收留你說不出口的憂傷|f謝哲青著
205 __ |a初版
210 __ |a臺北市|c圓神|d2019[民108]
215 0_ |a272面|c|d21公分|e1冊小冊子
225 12 |a圓神文叢|v244
300 __ |a附件題名 : 西武鐵道四季之美
517 1_ |a20段名畫旅程,收留你說不出口的憂傷|zchi
517 1_ |a二十段名畫旅程,收留你說不出口的憂傷|zchi
700 _1 |a|b哲青|4681 __ |a855|b8244
801 _0 |atw|bLibDipper|c20190417|gCCR
詳細館藏(共 1 筆)
索 書 號登 錄 號冊次號館別 / 館藏地流通類型狀態加入預約清單電子資源
855 / 8244 1025899  圖書館 / 一樓普通區 可外借30天 在館   

| 條列資料




目錄查詢 分類查詢 個人資料 圖書薦購 新書查詢 閉館日 排行榜 更多電子資源 Hami書城 線上資料庫 登出

From : 216.73.217.87

  本日流通累計至 00:41:12 借閱 : 0 次 續借 : 0 次 歸還 : 0 次 預約 : 0 次 電子資源 : 0 次


內湖高中圖書館  PCLIS 版本  26.5.0.12